Normal view
MARC view
Entry Topical Term
001 - CONTROL NUMBER
- control field: 51291
003 - CONTROL NUMBER IDENTIFIER
- control field: OSt
005 - DATE AND TIME OF LATEST TRANSACTION
- control field: 20160409124040.0
008 - FIXED-LENGTH DATA ELEMENTS
- fixed length control field: 160409|| aca||aabn | a|a d
040 ## - CATALOGING SOURCE
- Original cataloging agency: OSt
- Transcribing agency: OSt
150 ## - HEADING--TOPICAL TERM
- Topical term or geographic name entry element: Home Economics
670 ## - SOURCE DATA FOUND
- Source citation: Work cat.: (OSt)44371: भुराडिया निर्मला 51290, खुशी का विज्ञान , 2008









